000 01072nam a22003257a 4500
001 BR0602425
003 BR-BrBNA
005 20230928102145.0
007 ta
008 230509b bl.||||| |||| 00| 0 por d
040 _aBR-BrBNA
_bpor
_cBiblioteca Nacional de Agricultura
041 _a(Por)
072 _aE50
090 _ E50 BR0602425
100 1 _aPires, R.C.C.P.
110 1 _aUniversidade Federal de Minas Gerais, Belo Horizonte (Brasil). Escola de Veterinária
_0Tese (Doutor em Ciência Animal)
245 1 _aImpacto das condições de saúde bucal na qualidade de vida da população rural do município de Itaúna - MG, 2004
260 3 _aBelo Horizonte, MG (Brasil):
_c2005.
300 _a111 p.
500 _aSummaries (Eng, Por); Bibliography p. 95-99; 20 tables; 5 illus.
650 _aSAÚDE PÚBLICA
650 _aDENTE
650 _aDOENÇA PERIDENTÁRIA
650 _aPOPULAÇÃO RURAL
650 _aEPIDEMIOLOGIA
650 _aQUALIDADE DE VIDA
650 _aMINAS GERAIS
909 _a202309
_bLucia
_c55
_dLucia Elande
942 _cBK
999 _c69418
_d69418